000 00763nam a22002417a 4500
999 _c13527
_d13527
003 AR-CdUCM
008 190415b ||||| |||| 00| 0 spa d
040 _aMUNICIPALIDAD PROVINCIAL DEL CUSCO
_cBIBLIOTECA MUNICIPAL DEL CUSCO
082 _a051 /
_bS99 / 1909
100 _aS. H. F.
_931963
245 _aVariedades /
260 _aLima :
_c1909.
300 _a1450 paginas ;
_c29 cm.
505 _aContenido : El bagaje de año nuevo -- Primeras presentaciones -- curiosidades -- La amargura --Carta canta..
650 _aVariedades
_931964
650 _aSud américa
_931982
650 _aCartas
_9213
650 _aAmenidades
_931965
650 _aCaricaturas
_913471
650 _aCuriosidades
_924748
942 _2ddc
_cPP
945 _awnts
_d2019-04-15